000 00377pab a2200145 454500
008 180718b1986 xxu||||| |||| 00| 0 eng d
100 _aWadhva, Kiran
245 _aPrivate sector and urban housing markets
_bA case study of Ahmedabad
260 _c1986
300 _a61-83
362 _aJuly-Sept.
650 _aHousing - India - Gujarat
773 _aNagarlok
909 _a9929
999 _c9929
_d9929